00669nam a2200181 a 450000100100000000500170001000800410002702000150006804000240008308200150010710000370012224501660015926000400032530000280036549000310039350000320042483000310045600004269520201002040331.0140205s1999 gw 000 0 spa d a3934520006 aDO-SdBNPbspacBNPH axxxxbxxxx1 aBispo, Antonio Alexandre,d1949-10aBrasil/Europa & Musicología /cA. A. Bispo ; Coordenados sob a dir. de Harald Hülskath. [Akademie Brasil-Europa für Kultur- und Wissenschaftswissenschaft]. aKöln, Germany :bA. B. E.,c1999. a491 p. :bil. ;c21 cm.1 aAnais de ciência musical aBibliografía : p. 476-491 0aAnais de ciência musical